After 1992: The European Community and the redistribution of rents.

Úvahy k analýze nákladov a prínosov zmien v krajinách Európskych spoločenstiev, ktoré v súčasnosti prebiehajú. Upozorňuje sa na nebezpečenstvo monopolizácie a snahy po získaní renty (rent seeking) vzhľadom na inštitucionálnu šruktúru a spôsoby rozhodovania v rámci ES. Ukazuje sa, že ekonomické výhod...

Full description

Saved in:
Bibliographic Details
Main Author: Peirce, W.S
Format: Book Chapter
Language:English
Subjects:
Tags: Add Tag
No Tags, Be the first to tag this record!

MARC

LEADER 00000naa a2200000 4500
001 r007235
005 20221130103555.2
041 0 |a eng 
044 |a CH 
245 1 0 |a After 1992: The European Community and the redistribution of rents.  |c W.S. Peirce 
520 |a Úvahy k analýze nákladov a prínosov zmien v krajinách Európskych spoločenstiev, ktoré v súčasnosti prebiehajú. Upozorňuje sa na nebezpečenstvo monopolizácie a snahy po získaní renty (rent seeking) vzhľadom na inštitucionálnu šruktúru a spôsoby rozhodovania v rámci ES. Ukazuje sa, že ekonomické výhody integrácie môžu byť za určitých okolností iba dočasné. 
610 2 0 |a Európske spoločenstvá 
610 2 0 |a prerozdeľovanie zdrojov finančných 
610 2 0 |a renta 
610 2 0 |a 1992 
610 2 0 |a analýza nákladov 
610 2 0 |a rozhodovanie 
610 2 0 |a integrácia ekonomická medzinárodná 
100 1 |a Peirce, W.S.